Simon Leute Quiz - Statistiken

Allgemein
  • Dieses Quiz wurde 15 mal gespielt
  • Das Durchschnittsergebnis liegt bei 15 aus 36
Antwortstatistiken
. Antwort % Korrekt
. Emina
75%
. Enzo
75%
. Igel Berto
75%
. Nai Leopold
75%
. Akrobaten Training
50%
. Annelie
50%
. Bus 2
50%
. Crunchy Erdbeer Torte
50%
. die Stacys
50%
. Edgar (Grundschule)
50%
. Enric
50%
. Friedemann Werkshage
50%
. Iris
50%
. Jamobo
50%
. Jennifer Arendt
50%
. Jerome
50%
. Krawinkel
50%
. Laureen
50%
. Leonie
50%
. Linus
50%
. Robin (Patchwork Familie)
50%
. Simon Klees
50%
. Urfel
50%
. Zebras
50%
. Aaron Mutzenbach
25%
. die Ristos
25%
. Herr Hamburger
25%
. Jochen
25%
. Julian
25%
. Mama Leopold
25%
. Paula von Schach
25%
. Selbsthilfegruppe
25%
. Herr Kolb
0%
. Monita
0%
. Pikmin
0%
. Shirley Kräuter
0%
Keine übereinstimmenden Quizze gefunden
Verteilung der Resultate
Anzahl Personen mit jedem Resultat
Perzentil nach korrekt beantworteten Fragen
Ihre Resultats-Entwicklung
Sie haben dieses Quiz noch nicht gespielt